000 00465nam a2200181Ia 4500
001 8758
005 20260306160633.0
008 260306t2008||||xx |||||||||||||| ||spa||
041 _aESP
082 _a371.33
_bA69
100 _aArea Moreira, Manuel
_eAUT
245 0 _aAlfabetizaciones y tecnologías de la información y la comunicación
260 _c2008
300 _a215 páginas :
_c21 cm.
650 _aGEN
654 _aCED
942 _cLIB
_dJUS
_fJUS
_2ddc
_n
999 _c8758
_d8758